000 00572nam a22002177a 4500
003 OSt
008 250402b |||||||| |||| 00| 0 eng d
020 _a9789355329509
082 _a004.678 BUM
100 _aBUYYA,Rajkumar
245 _aMastering Cloud Computing Powering AI,Big Data, and IOT Applications
250 _a2nd Ed
260 _aNew Delhi
_bTMH
_c2024
300 _a501
650 _aCloud Computing
700 _aVECCHIOLA,Christian
700 _aSELVI,S.Thamarai
700 _aPOOJARA,Shivananda
700 _aSRIRAMA,Satish N
942 _2ddc
_cBK
999 _c13209
_d13209